| 000 | 01946cam a2200301 4500500 | ||
|---|---|---|---|
| 005 | 20260111150252.0 | ||
| 041 | _afre | ||
| 042 | _adc | ||
| 100 | 1 | 0 |
_aSauner-Leroy, _eauthor |
| 245 | 0 | 0 | _aLe corps épris d'amour. Techniques de développement personnel et scène sociale turque |
| 260 | _c2014. | ||
| 500 | _a1 | ||
| 520 | _aEn Turquie comme ailleurs, on assiste à la diffusion de pratiques de développement personnel qui utilisent le plus souvent des techniques corporelles de type oriental importées d’Europe ou des États?Unis. Cet article montre comment et par qui ces pratiques sont utilisées et de quelle manière elles s’insèrent sur les scènes sociale et religieuse turques en recomposition. | ||
| 520 | _aLike in other places in the contemporary world, the diffusion of personal development techniques is taking place in Turkey, the majority of which are inspired by far?east body oriented practices, and generally imported from Europe or the USA. This paper shows how and by whom they are practiced and how they integrate into the changing social and religious scenes. | ||
| 520 | _aWie überall in der Welt gibt es auch in der Türkei Selbsterfahrungsbewegungen, die nicht selten ein aus Europa oder den USA importiertes orientalisches Körperverständnis propagieren. Der Artikel zeigt auf, wer diese Mechanismen praktiziert und in welchem Zusammenhang sie zu den generellen sozialen und religiösen Veränderungen der Gesellschaft stehen. | ||
| 690 | _acorps | ||
| 690 | _afemmes | ||
| 690 | _anew age | ||
| 690 | _anouveaux mouvements religieux (nmr) | ||
| 690 | _aTurquie | ||
| 690 | _abody | ||
| 690 | _anew age | ||
| 690 | _anew religious movements | ||
| 690 | _aTurkey | ||
| 690 | _awomen | ||
| 786 | 0 | _nEthnologie française | 44 | 2 | 2014-05-13 | p. 309-318 | 0046-2616 | |
| 856 | 4 | 1 | _uhttps://shs.cairn.info/revue-ethnologie-francaise-2014-2-page-309?lang=fr&redirect-ssocas=7080 |
| 999 |
_c1637354 _d1637354 |
||